01007nam a2200229Ia 4500001020000000002005000200008003700250010001100287530002200298583002600320650005100346650004600397650005400443650005600497650002100553650002300574700005100597700003700648700005400685942001900739999001900758IA_This project involves the production of tomato (Lycopersicum esculentum L.) under greenhouse and preparation of material by simple processes but to ensure health, safety and quality for consumers.ESTUDIO DE LA FACTIBILIDAD TECNICO-ECONOMICO PARA220117s xx 000 0 und d a184342 aDisponible en PDF a1 ej. imp. ; 2 ej. CD 0aAgricultural industryzMexicozChiapas9156755 0aEntrepreneurshipzMexicozChiapas9152181 0aIndustria agrícolazMéxicozChiapas 9156756 0aIniciativa empresarialzMéxicozChiapas 9152182 aTomate 9113672 aTomatoes 9148444 aMartínez Moscada, Francisco, asesor 91637071 aPonce Hernández, Pedro9147918 aSzymanski Duqué, Rosa Guadalupe, asesor9163708 cTESIS D53 2012 c184342d184342